Sports Quiz

Random Sports or Play Quiz

NFL - Big Play WRs Quiz Stats

 Plays Quiz not verified by Sporcle

Score 0/52 Timer 07:00
0 Plays Today
Team(s) Receiver % Correct
49ersJerry Rice
87%
CowboysMichael Irvin
77.8%
VikingsAnthony Carter (expecting someone else?)
68.6%
PatriotsHarold Jackson
60.5%
RedskinsCharlie Brown
60%
BengalsEddie Brown
60%
49ersTorrey Smith
55%
SaintsDevery Henderson
47%
Packers, Raiders, BillsJames Lofton
45.9%
Eagles, RedskinsDeSean Jackson
43.2%
VikingsBernard Berrian
41.1%
CowboysAlvin Harper
40.5%
BuccaneersMorris Owens (expecting someone else?)
38.9%
RamsFlipper Anderson
36.2%
SteelersMike Wallace
35.1%
BillsEric Moulds
33.5%
OilersDrew Hill
29.7%
CowboysTony Hill
29.7%
BearsWillie Gault
29.2%
JetsWesley Walker
27.6%
OilersChris Sanders
27%
CardinalsRoy Green
25.4%
PatriotsStanley Morgan
22.7%
BroncosAshley Lelie
21.1%
ChiefsWillie Davis
18.4%
PatriotsShawn Jefferson
17.8%
Team(s) Receiver % Correct
EaglesMike Quick
17.3%
RaidersJames Jett
16.2%
ChargersWes Chandler
14.6%
ColtsRoger Carr
13.5%
SaintsKenny Stills
11.4%
EaglesFred Barnett
11.4%
ChiefsStephone Paige
10.8%
BillsFrank Lewis
9.7%
BuccaneersCharles Wilson
8.6%
BroncosSteve Watson
8.6%
49ersFreddie Solomon
8.1%
FalconsMichael Haynes
8.1%
BroncosRicky Nattiel
8.1%
RaidersMervyn Fernandez
7%
SeahawksDaryl Turner
4.9%
BuccaneersKevin House
3.8%
FalconsTim Dwight
3.8%
BroncosHaven Moses
2.7%
RaidersJessie Hester
2.7%
BrownsReggie Rucker
2.2%
PackersWalter Stanley
2.2%
RedskinsClint Didier
1.6%
BillsChris Burkett
1.1%
SteelersDwight Stone
1.1%
BuccaneersHorace Copeland
1.1%
LionsMark Nichols
0.5%

You're not logged in!

Compare scores with friends on all Sporcle quizzes.
OR
Log In

Show Comments

Extras

Top Quizzes Today


Score Distribution

Your Account Isn't Verified!

In order to create a playlist on Sporcle, you need to verify the email address you used during registration. Go to your Sporcle Settings to finish the process.

Report this User

Report this user for behavior that violates our Community Guidelines.

Details: